Study Of Agile Implementation And Future Enhancements For Url Categorization Project (Record no. 97308)

MARC details
000 -LEADER
fixed length control field 00489nam a2200145Ia 4500
008 - FIXED-LENGTH DATA ELEMENTS--GENERAL INFORMATION
fixed length control field 230128s9999 xx 000 0 und d
041 ## - LANGUAGE CODE
Language code of text/sound track or separate title eng
082 ## - DEWEY DECIMAL CLASSIFICATION NUMBER
Classification number HER PR0664
Item number HER
100 ## - MAIN ENTRY--PERSONAL NAME
Personal name Hersheeta Chandankar - 2k161128; Prof. Suvarna Dhamdhere - Guide & Quick Heal
9 (RLIN) 119004
245 ## - TITLE STATEMENT
Title Study Of Agile Implementation And Future Enhancements For Url Categorization Project
260 ## - PUBLICATION, DISTRIBUTION, ETC. (IMPRINT)
Date of publication, distribution, etc. 2016
Name of publisher, distributor, etc. Savitribai Phule Pune University
Place of publication, distribution, etc. Pune
300 ## - PHYSICAL DESCRIPTION
Extent 58p
440 ## - SERIES STATEMENT/ADDED ENTRY--TITLE
Volume/sequential designation 1

No items available.